| 000 | 00688nam a2200229Ia 4500 | ||
|---|---|---|---|
| 003 | OSt | ||
| 005 | 20220517113248.0 | ||
| 008 | 210716s2018 xx 000 0 und d | ||
| 020 | _a9788126573585 | ||
| 040 | _cAIMIT LIBRARY | ||
| 041 | _aeng | ||
| 082 |
_a153.94004 _22 _bVERA |
||
| 100 |
_aVerma, Anil Kumar. _937482 |
||
| 245 |
_aWiley acing the Gate : _bcomputer science and information technology / |
||
| 250 | _a2nd ed. | ||
| 260 |
_aNew Delhi : _bWiley India Pvt Ltd , _c2018. |
||
| 300 |
_axxviii, 739, A15,I7p. _bPB _c26.8 cm. |
||
| 650 |
_aAptitude Test _937483 |
||
| 700 |
_aSharma, Gauav _937593 |
||
| 700 |
_aSingh, Kuldeep _937594 |
||
| 942 |
_2ddc _cBK _e2 _k153.94004 VERA |
||
| 999 |
_c197068 _d197068 |
||